000 00569nam a22002177a 4500
003 UA-OsUOA
001 39497
007 ta
008 20060619b un ||||| |||| 00| 0 ukr d
100 _aГорлач Л.
090 _a82
_bГ11
942 _cSA
040 _aUA-OsUOA
_bukr
_cUA-OsUOA
_dUA-OsUOA
245 _aЗмагання із часом/Поезіїї
300 _aС.2-6
955 _a0
041 _aukr
080 _a82
773 0 _w39496
_tВітчизна
_dК.
_d2006
_g4
650 7 _a82 Література. Літературознавство
_2UDC
999 _c325647
_d325647